№ 1; Энергохозяйство за рубежом

Bibliographic Details
Parent link:Энергохозяйство за рубежом: производственно-технический журнал. № 1.— , 1957-1992.— 0421-188X
Language:Russian
Published: 1973
Format: Book
KOHA link:https://koha.lib.tpu.ru/cgi-bin/koha/opac-detail.pl?biblionumber=522902

MARC

LEADER 00000nam2a2200000 4500
001 522902
005 20231101110901.0
035 |a (RuTPU)RU\TPU\prd\203910 
035 |a RU\TPU\prd\203904 
090 |a 522902 
100 |a 20131120a19739999k y0rusy50 ca 
101 0 |a rus 
102 |a RU 
200 0 |a № 1 
210 |d 1973 
461 1 |0 (RuTPU)RU\TPU\prd\1070  |x 0421-188X  |t Энергохозяйство за рубежом  |o производственно-технический журнал  |v № 1  |d 1957-1992 
801 0 |a RU  |b 63413507  |c 20011210  |g PSBO 
801 2 |a RU  |b 63413507  |c 20131120  |g PSBO 
942 |c BK 
999 |a НТБ_ТПУ  |b НФ  |e -4/20130109  |p П-1901 А  |u 0,00  |v 1